Govt. of
Madhya Pradesh

Regional Folk Dance of India (Record no. 68452)

MARC details
000 -LEADER
fixed length control field 00244nam a22001097a 4500
082 ## - DEWEY DECIMAL CLASSIFICATION NUMBER
Classification number 793/KUM
100 ## - MAIN ENTRY--AUTHOR NAME
Personal name Kumar,Bhushan
245 ## - TITLE STATEMENT
Title Regional Folk Dance of India
260 ## - PUBLICATION, DISTRIBUTION, ETC. (IMPRINT)
Place of publication Delhi
Name of publisher Books World
Year of publication 2020
650 ## - SUBJECT ADDED ENTRY--TOPICAL TERM
Topical Term Dance
942 ## - ADDED ENTRY ELEMENTS (KOHA)
Koha item type Books
Holdings
Withdrawn status Lost status Damaged status Not for loan Home library Current library Date acquired Cost, normal purchase price Full call number Accession Number Price effective from Koha item type
        MACL MACL 26/11/2025 990.00 793/KUM CRE040323 26/11/2025 Books